Normal view
MARC view
- RJ Crawford
Entry Personal Name
001 - CONTROL NUMBER
- control field: 129494
003 - CONTROL NUMBER IDENTIFIER
- control field: NUST
005 - DATE AND TIME OF LATEST TRANSACTION
- control field: 20250709102358.0
008 - FIXED-LENGTH DATA ELEMENTS
- fixed length control field: 250709|| aca||aabn | a|a d
040 ## - CATALOGING SOURCE
- Original cataloging agency: NUST
- Transcribing agency: NUST
100 ## - HEADING--PERSONAL NAME
- Personal name: RJ Crawford
670 ## - SOURCE DATA FOUND
- Source citation: Work cat.: (NUST)31523: Benham, P.P. 40905, Mechanics of Engineering Materials /, 1996.
